Statistics for 4-Letter Movie Chain #1

Click here to take the quiz!

General Stats

  • This quiz has been taken 29,960 times
  • The average score is 19 of 27

Answer Stats

Hint Answer % Correct
Notable body part of PinocchioNose
99%
Shrek's speciesOgre
93%
Bambi's speciesDeer
92%
First name of Stone, Watson, or RobertsEmma
91%
Band featured on the "Mamma Mia!"
soundtrack
ABBA
90%
Something raided by Lara CroftTomb
88%
He prefers his martinis shakenBond
86%
Simba's evil uncleScar
85%
Illness featured in the movie "Philadelphia"AIDS
82%
Happy Gilmore's sportGolf
80%
Superhero portrayed by Chris HemsworthThor
79%
Goo from "Ghostbusters": ____plasmEcto
76%
What Mel Gibson wore in "Braveheart"Kilt
74%
Type of slippers worn by DorothyRuby
73%
Movie that fails at the box officeFlop
73%
Green and old, he isYoda
71%
Country in which the movie "Argo" was setIran
70%
Biblical movie starring Russell CroweNoah
66%
Shapeless horror monster that consumes
everything in its path
Blob
64%
Garment frequently worn in Bollywood moviesSari
60%
Alda or ArkinAlan
55%
Mordor mountainDoom
54%
Hepburn movie: "On Golden ____"Pond
53%
Sean Penn movieMilk
53%
Warren Beatty movie about CommunistsReds
48%
Pacino / De Niro movieHeat
47%
Before you die you see the ____Ring
38%

Score Distribution

Percentile by Number Answered

Percent of People with Each Score

Your Score History

You have not taken this quiz